00305nam a2200121Ia 4500008004100000082001400041245002000055300000800075520003000083620003000113630002000143730002000163100122s9999 xx 000 0 und d b11470a50 aग म भ न a136 aदिवाळी - 2003 aदिवाळी - 2003 aग म भ न aग म भ न